000 00691nam a2200289Ia 4500
001 Z_3832
003 CHAP
008 220113s1969 xx 000 0 und d
010 _a166893
040 _cCHAP
090 _aFolleto 541
100 _aMéxico. Secretaria de Agricultura y Ganadería
_9141015
245 _aPlan nacional ovino /
_cpor SAG
260 _aMéxico, D.F. :
_bLa Secretaría,
_c1969
300 _a41 p. ; ilus.
440 _a
500 _a
503 _a
650 _aGanado lanar
_xManejo
_9140261
650 _aGanado lanar
_xMéxico
_945198
901 _aFolleto 541
902 _aA
910 _a1969
942 _cc14
942 _cc14
999 _c166893
_d166893